Lernende Steuerungen

Na minha lista:
Detalhes bibliográficos
Autor principal: Weller, Wolfgang
Formato: Livro
Idioma:alemão
Publicado em: Berlin Technik 1985
Edição:1. Aufl.
Tags: Adicionar Tag
Sem tags, seja o primeiro a adicionar uma tag!

MARC

LEADER 00000nam a2200000 4500
001 c024309
005 20221220081924.9
041 0 |a ger 
044 |a DE 
245 1 0 |a Lernende Steuerungen  |c Wolfgang Weller 
250 |a 1. Aufl. 
264 1 |a Berlin  |b Technik  |c 1985 
300 |a 356 s. 
100 1 |a Weller, Wolfgang